| 000 | 00371nam a2200145Ia 4500 | ||
|---|---|---|---|
| 008 | 151213s9999 xx 000 0 und d | ||
| 100 | _aMary Lynn Johnson | ||
| 245 |
_aBlake's Poetry & Desires _cMary Lynn Johnson |
||
| 260 |
_aLondon _bW.W.Norton _c2004 |
||
| 300 | _a2121 p. | ||
| 650 | _aEnglish | ||
| 650 | _aEnglish | ||
| 700 | _aMary Lynn Johnson | ||
| 999 |
_c1563 _d1563 |
||